The Origin of the world (Record no. 373199)

000 -LEADER
fixed length control field 00354cam a22001457a 4500
008 - FIXED-LENGTH DATA ELEMENTS--GENERAL INFORMATION
fixed length control field 180718b1927 xxu||||| |||| 00| 0 eng d
082 ## - DEWEY DECIMAL CLASSIFICATION NUMBER
Classification number BA M228
100 ## - MAIN ENTRY--PERSONAL NAME
Personal name McMillan, R.
245 ## - TITLE STATEMENT
Title The Origin of the world
Statement of responsibility, etc. by R. McMillan
260 ## - PUBLICATION, DISTRIBUTION, ETC.
Place of publication, distribution, etc. London
Name of publisher, distributor, etc. Watts
Date of publication, distribution, etc. 1927
300 ## - PHYSICAL DESCRIPTION
Extent 142p.
500 ## - GENERAL NOTE
General note First pub. 1914
650 ## - SUBJECT ADDED ENTRY--TOPICAL TERM
Topical term or geographic name entry element Zoology
650 ## - SUBJECT ADDED ENTRY--TOPICAL TERM
Topical term or geographic name entry element Earth

No items available.

Powered by Koha